NLSUI OPAC header image

Labour law between change and tradition : (Record no. 34123)

MARC details
000 -LEADER
fixed length control field 02045nam a2200217Ia 4500
003 - CONTROL NUMBER IDENTIFIER
control field OSt
005 - DATE AND TIME OF LATEST TRANSACTION
control field 20210624160343.0
008 - FIXED-LENGTH DATA ELEMENTS--GENERAL INFORMATION
fixed length control field 160316s2011 xxu||||| |||| 00| 0 eng d
020 ## - INTERNATIONAL STANDARD BOOK NUMBER
International Standard Book Number 9789041134240
040 ## - CATALOGING SOURCE
Transcribing agency n
082 ## - DEWEY DECIMAL CLASSIFICATION NUMBER
Classification number 344.010000
Item number BLA
100 ## - MAIN ENTRY--PERSONAL NAME
Personal name Blanpain Roger
245 ## - TITLE STATEMENT
Title Labour law between change and tradition :
Remainder of title Liber Amicorum Antoine Jacobs
260 ## - PUBLICATION, DISTRIBUTION, ETC.
Place of publication, distribution, etc. Austin
Name of publisher, distributor, etc. Kluwer Law International
Date of publication, distribution, etc. 2011
300 ## - PHYSICAL DESCRIPTION
Extent 198p
Dimensions xv
365 ## - TRADE PRICE
Price amount Rs. 8,136
505 ## - FORMATTED CONTENTS NOTE
Formatted contents note TABLE OF CONTENTS<br/>Notes on Contributors;<br/>Preface;<br/>Chapter 1 Discrimination on the Basis of Age Roger Blanpain;<br/>Chapter 2 The Reform of Temporary Agency Work in Germany in a European Perspective Thomas Blanke;<br/>Chapter 3 Lex Laval : Collective Actions and Posted Work in Sweden Niklas Bruun & Jonas Malmberg;<br/>Chapter 4 The Specificity of Sport and the Employment Relationship of Athletes Michele Colucci;<br/>Chapter 5 Corporate Social Responsibility: A Way to Make Deregulation More Acceptable? Wolfgang Däubler;<br/>Chapter 6 Industrial Relations and Collective Labour Law in Papal Encyclicals: The Case of the Social Teaching of the Holy Roman Catholic Church Filip Dorssemont;<br/>Chapter 7 European Labour Law after the Lisbon Treaty: (Re-visited) Assessment of Fundamental Social Rights Frank Hendrickx;<br/>Chapter 8 Laws Against Strikes: Between Change and Tradition Bob Hepple;<br/>Chapter 9 Hybrid Global Labour Law Ulrich Mückenberger;<br/>Chapter 10 The Formation of the Labour Contract in Nineteenth-Century South of Europe Antonio Ojeda-Avilés;<br/>Chapter 11 Ein Europäisches Feiertagsrecht? Thilo Ramm;<br/>Chapter 12 Legal Certainty and Equality as Aims of Labour Law Robert Rebhahn;<br/>Chapter 13 Lisbon Treaty and Labour Law: New Developments but Old Traditions Bruno Veneziani;<br/>Chapter 14 The German Law Association as Promoter of Labour Law Manfred Weiss;<br/>Chapter 15 Self-employed in the Netherlands: In Need for More Securities? Sonja Bekker, Ronald Dekker & Max Posthumus
650 ## - SUBJECT ADDED ENTRY--TOPICAL TERM
Topical term or geographic name entry element 1. Labour Law
700 ## - ADDED ENTRY--PERSONAL NAME
Personal name Hendrickx Frank
--
942 ## - ADDED ENTRY ELEMENTS (KOHA)
Source of classification or shelving scheme Dewey Decimal Classification
Koha item type BOOKs
Holdings
Withdrawn status Lost status Damaged status Not for loan Home library Current library Shelving location Date acquired Cost, normal purchase price Total Checkouts Full call number Barcode Date last seen Price effective from Koha item type
        . .   30.05.2017 8136.00   344.01 BLA 30499 30.05.2017 30.05.2017 BOOKs